01182pab a2200193 454500008004000000100001600040245007600056260000900132300001500141362001100156520059500167650002800762650002000790650001200810773003400822909001000856999001700866952010500883180718b1999 xxu||||| |||| 00| 0 eng d aDat, Gaurav aHas poverty declined since economic reforms?: statistical data analysis c1999 ap.3516-518 a11 Dec aRecent estimates of absolute poverty in rural and urban India, covering the period up to 1997, are presented. The estimates present a mixed picture of a moderate decline in urban poverty rates, but relatively unchanging levels of rural poverty during the 1990s, which seems largely attributable to differential growth in average living standards in the two sectors. However, the unresolved and increasing discrepancy between the national accounts and survey-based estimates of consumption growth raises doubts about how egalitarian the growth process has been over this decade. - Reproduced aEconomic reform - India aPoverty - India aPoverty aEconomic and Political Weekly a43450 c43450d43450 00104070aIIPAbIIPAd2018-07-19hVolume no: 34, Issue no: 50pAR43845r2018-07-19w2018-07-19yAR